| 000 | 00700nam a2200193Ia 4500 | ||
|---|---|---|---|
| 005 | 20250508155840.0 | ||
| 008 | 008 250505s9999 xx 000 0 eng d | ||
| 037 | _aDissertations | ||
| 040 |
_aFEDL _beng _cFEDL |
||
| 041 |
_aeng _2eng |
||
| 084 |
_a375.513, GOY/DI _qFEDL |
||
| 100 |
_aGoyal V R _9767664 |
||
| 245 | 0 | _aConstruction of criteria for the wrinting and the selection of arithmetic textbooks and evaluation of a few arithmetic textbooks used in the high classes of the secondary schools in the Panjab | |
| 260 | _c1958 | ||
| 300 | _a112p. | ||
| 546 | _aM.Ed. Dissertations, 1958 (Delhi University) | ||
| 942 |
_cDIS _h375.513, GOY/DI |
||
| 999 |
_c1359602 _d1359602 |
||